| 000 | 00538nam a22001937a 4500 | ||
|---|---|---|---|
| 999 |
_c61640 _d61640 |
||
| 005 | 20240405094613.0 | ||
| 008 | 240404s2003 fr ||||| |||| 00| 0 fre d | ||
| 020 | _a9782020500326x | ||
| 041 | _afre | ||
| 080 | _a577.21 C-51 | ||
| 100 |
_aCheval, Gilles _921708 |
||
| 245 |
_aLe Crépuscule des clones / _cGilles Cheval |
||
| 264 |
_aParis, _c2003. |
||
| 300 |
_a143 p.; _b22 cm. |
||
| 653 | _aკლონების ბინდი | ||
| 653 | _aგენეტიკა | ||
| 653 | _aმედიცინა | ||
| 942 |
_2udc _cBK |
||